| 000 | 00866cam a22002533a 4500 | ||
|---|---|---|---|
| 001 | 4368 | ||
| 003 | PGUSA | ||
| 005 | 20140828083053.0 | ||
| 008 | 030801s2003||||xxu|||||s|||||000 1 eng d | ||
| 040 |
_aPGUSA _beng |
||
| 042 | _adc | ||
| 050 | 4 | _aPS | |
| 100 | 1 |
_aFitzgerald, F. Scott _q(Francis Scott), _d1896-1940 |
|
| 245 | 1 | 0 |
_aFlappers and Philosophers _h[electronic resource] / _cF. Scott Fitzgerald |
| 260 |
_bProject Gutenberg, _c2003 |
||
| 505 | 0 | _aThe offshore pirate -- The ice palace -- Head and shoulders -- The cut-glass bowl -- Bernice bobs her hair -- Benediction -- Dalyrimple goes wrong -- The four fists. | |
| 506 | _aPublic domain in the USA. | ||
| 516 | _aElectronic text | ||
| 653 | _aShort stories, American | ||
| 653 | _aFiction | ||
| 830 | 0 |
_aProject Gutenberg _v4368 |
|
| 856 | 4 | 0 | _uhttp://www.gutenberg.org/ebooks/4368 |
| 942 | _cEB | ||
| 999 |
_c233697 _d233697 |
||